About language : (Record no. 200003160)

MARC details
000 -LEADER
fixed length control field 00833 a2200253 4500
001 - CONTROL NUMBER
control field 200003160
003 - CONTROL NUMBER IDENTIFIER
control field TR-AnTOB
005 - DATE AND TIME OF LATEST TRANSACTION
control field 20230828143856.0
008 - FIXED-LENGTH DATA ELEMENTS--GENERAL INFORMATION
fixed length control field 110318s2010 enk 000 0
020 ## - INTERNATIONAL STANDARD BOOK NUMBER
International Standard Book Number 9780521427203
040 ## - CATALOGING SOURCE
Original cataloging agency TR-AnTOB
041 ## - LANGUAGE CODE
Language code of text/sound track or separate title İngilizce
050 00 - LIBRARY OF CONGRESS CALL NUMBER
Classification number PE1128.A2
Item number T465 2010
090 ## - LOCALLY ASSIGNED LC-TYPE CALL NUMBER (OCLC); LOCAL CALL NUMBER (RLIN)
Classification number (OCLC) (R) ; Classification number, CALL (RLIN) (NR) PE1128.A2 T465 2010
100 1# - MAIN ENTRY--PERSONAL NAME
Personal name Thornbury, Scott
9 (RLIN) 69287
245 10 - TITLE STATEMENT
Title About language :
Remainder of title tasks for teachers of English /
Statement of responsibility, etc. Scott Thornbury.
264 #1 - PRODUCTION, PUBLICATION, DISTRIBUTION, MANUFACTURE, AND COPYRIGHT NOTICE
Place of production, publication, distribution, manufacture Cambridge :
Name of producer, publisher, distributor, manufacturer Cambridge University Press ,
Date of production, publication, distribution, manufacture, or copyright notice 2010.
300 ## - PHYSICAL DESCRIPTION
Extent 269 p. ;
Dimensions 23 cm.
490 0# - SERIES STATEMENT
Series statement Cambridge teacher training and development
504 ## - BIBLIOGRAPHY, ETC. NOTE
Bibliography, etc. note
650 #0 - SUBJECT ADDED ENTRY--TOPICAL TERM
Topical term or geographic name entry element English teachers
General subdivision Training of
9 (RLIN) 73223
Topical term or geographic name entry element English language
General subdivision Study and teaching
-- Foreign speakers
Form subdivision Problems, exercises, etc
9 (RLIN) 73226
942 ## - ADDED ENTRY ELEMENTS (KOHA)
Koha item type Book

No items available.

Devinim Yazılım Eğitim Danışmanlık tarafından Koha'nın orjinal sürümü uyarlanarak geliştirilip kurulmuştur.